[Event "Siegener SV 1 - Hellertaler SF 1"]
[Site "NRW-Klasse - Gruppe 4 2021/20"]
[Date "2022.01.23"]
[Round "4.3"]
[White "Reiffenrath, Christian"]
[Black "Wallasch, Thomas"]
[Result "1/2-1/2"]
[WhiteElo "1997"]
[BlackElo "1831"]
[PlyCount "86"]
[EventDate "2022.??.??"]
[SourceVersionDate "2020.03.16"]
[WhiteTeam "Hellertaler SF 1"]
[BlackTeam "Siegener SV 1"]

1. d4 Nf6 2. c4 e6 3. Nc3 d5 4. Bg5 Be7 5. e3 O-O 6. Nf3 b6 7. Rc1 Nbd7 8. a3
Bb7 9. Be2 c5 10. O-O a6 11. Ne5 dxc4 12. Nxd7 Nxd7 13. Bxe7 Qxe7 14. Bxc4 Qg5
15. g3 Rfd8 16. f4 Qf6 17. d5 Nf8 18. e4 b5 19. Ba2 b4 20. Na4 bxa3 21. bxa3
exd5 22. exd5 Nd7 23. Qd3 Nb6 24. Nc3 Qd4+ 25. Qxd4 cxd4 26. Rb1 dxc3 27. Rxb6
Bxd5 28. Bxd5 Rxd5 29. Rc6 Rd3 30. Rc1 g6 31. R1xc3 Rxc3 32. Rxc3 Ra7 33. Kf2
Kg7 34. Rc6 h5 35. Ke3 Re7+ 36. Kd3 Re1 37. Rxa6 Rh1 38. Kc4 Rxh2 39. Rb6 h4
40. gxh4 Rxh4 41. a4 Rxf4+ 42. Kb5 Rf1 43. a5 f5 1/2-1/2

[Event "Siegener SV 1 - Hellertaler SF 1"]
[Site "NRW-Klasse - Gruppe 4 2021/20"]
[Date "2022.01.23"]
[Round "4.4"]
[White "Scholl, Eckhard"]
[Black "Mueller, Sven"]
[Result "0-1"]
[WhiteElo "1898"]
[BlackElo "1968"]
[Annotator "daniel"]
[PlyCount "74"]
[EventDate "2022.??.??"]
[SourceVersionDate "2020.03.16"]
[WhiteTeam "Siegener SV 1"]
[BlackTeam "Hellertaler SF 1"]

1. Nf3 Nf6 2. c4 g6 3. Nc3 Bg7 4. g3 O-O 5. Bg2 d6 6. O-O c5 7. d3 Nc6 8. h3 a6
9. a3 Rb8 10. Rb1 b5 11. cxb5 axb5 12. b4 Ne8 13. Bd2 Nc7 14. Qc1 cxb4 15. axb4
Bb7 16. Bh6 Qd7 17. Bxg7 $11 Kxg7 18. h4 e5 19. Ng5 f5 20. Qd2 h6 21. Nf3 Ra8
22. Ne1 Ra7 23. Nc2 Rfa8 24. Kh2 Qc8 25. f4 Nd4 26. Rbc1 Bxg2 27. Kxg2 Qb7+ 28.
Kh3 Nb3 29. Qe3 Nxc1 30. Rxc1 Nd5 31. Nxd5 Qxd5 32. Rf1 Ra2 33. Ne1 Qd4 34. Qc1
Qb6 35. fxe5 dxe5 36. Qc3 Rxe2 37. Nf3 Qb7 0-1

[Event "Siegener SV 1 - Hellertaler SF 1"]
[Site "NRW-Klasse - Gruppe 4 2021/20"]
[Date "2022.01.23"]
[Round "4.5"]
[White "Petri, Wolfgang"]
[Black "Pramann, Juergen"]
[Result "1-0"]
[WhiteElo "1920"]
[BlackElo "1663"]
[PlyCount "73"]
[EventDate "2022.??.??"]
[SourceVersionDate "2020.03.16"]
[WhiteTeam "Hellertaler SF 1"]
[BlackTeam "Siegener SV 1"]

1. e4 e5 2. f4 d6 3. Bc4 Nf6 4. d3 Nc6 5. Nf3 Bg4 6. c3 d5 7. exd5 Nxd5 8. fxe5
Nb6 9. Bxf7+ Kxf7 10. O-O Ke8 11. d4 Qd5 12. Nbd2 Rd8 13. Qe2 Kd7 14. h3 Bh5
15. b4 Bxb4 16. cxb4 Nxd4 17. Qe4 Bxf3 18. gxf3 Nc2 19. Qxc2 Qxe5 20. Nb3 Kc8
21. Bb2 Qf4 22. Rad1 Rxd1 23. Rxd1 Qxf3 24. Qd3 Qf4 25. Rf1 Qxb4 26. Bd4 Re8
27. Bc5 Qh4 28. Qf5+ Kb8 29. Bf2 Qh6 30. Nc5 Rd8 31. Qf3 Nd5 32. Kh2 Qd6+ 33.
Qg3 Nf4 34. Be3 g5 35. Rf2 Qc6 36. Qxg5 Rf8 37. Rxf4 1-0

[Event "Siegener SV 1 - Hellertaler SF 1"]
[Site "NRW-Klasse - Gruppe 4 2021/20"]
[Date "2022.01.23"]
[Round "4.6"]
[White "Lichte, Sven"]
[Black "Siebel, Holger"]
[Result "1-0"]
[WhiteElo "1633"]
[BlackElo "1772"]
[PlyCount "77"]
[EventDate "2022.??.??"]
[SourceVersionDate "2020.03.16"]
[WhiteTeam "Siegener SV 1"]
[BlackTeam "Hellertaler SF 1"]

1. e4 c5 2. c3 g6 3. d4 Bg7 4. Nf3 b6 5. Bc4 Bb7 6. Qb3 e6 7. d5 Nf6 8. Bg5 h6
9. Bxf6 Qxf6 10. O-O O-O 11. Nbd2 e5 12. a4 Qd8 13. a5 d6 14. axb6 axb6 15.
Rxa8 Bxa8 16. Ra1 Nd7 17. Bb5 f5 18. exf5 gxf5 19. Rxa8 Qxa8 20. Bxd7 e4 21.
Nh4 Qa1+ 22. Nf1 f4 23. Be6+ Kh7 24. Bf5+ Kg8 25. Bxe4 Re8 26. Bd3 Qa7 27. Nf5
Be5 28. Nxh6+ Kf8 29. Ng4 Bg7 30. Qc2 Qe7 31. Bg6 Ra8 32. Qf5+ Kg8 33. h4 Qxh4
34. Qxf4 Rf8 35. Qg3 Qe7 36. Qh3 Rf4 37. Qh7+ Kf8 38. Nh6 Bxh6 39. Qh8# 1-0

[Event "Siegener SV 1 - Hellertaler SF 1"]
[Site "NRW-Klasse - Gruppe 4 2021/20"]
[Date "2022.01.23"]
[Round "4.7"]
[White "Hassler, Rolf"]
[Black "Klueser, Rolf"]
[Result "1-0"]
[WhiteElo "1762"]
[BlackElo "1658"]
[PlyCount "91"]
[EventDate "2022.??.??"]
[SourceVersionDate "2020.03.16"]
[WhiteTeam "Hellertaler SF 1"]
[BlackTeam "Siegener SV 1"]

1. e4 e5 2. Nf3 Nc6 3. Bc4 Be7 4. O-O Nf6 5. d3 O-O 6. Nc3 d6 7. Be3 Bg4 8. h3
Bd7 9. a3 Qc8 10. Nh2 Nd8 11. f4 exf4 12. Bxf4 Ne6 13. Be3 c6 14. Qf3 b5 15.
Ba2 a5 16. d4 c5 17. Bxe6 fxe6 18. dxc5 dxc5 19. e5 Ne8 20. Qg3 Bc6 21. Ng4 Kh8
22. Ne2 Nc7 23. Nf4 Qe8 24. Rad1 Rd8 25. Rxd8 Bxd8 26. Bxc5 Rf5 27. Nd3 Rxf1+
28. Kxf1 Nd5 29. Ne3 Qf7+ 30. Qf2 Qxf2+ 31. Kxf2 Bg5 32. g3 Kg8 33. h4 Bd8 34.
Nxd5 exd5 35. Ke3 Kf7 36. Kd4 Bc7 37. Nf4 Bb8 38. Nxd5 Ke6 39. Nf4+ Kf5 40. Nd3
Bc7 41. Bd6 Bb6+ 42. Nc5 Bf3 43. e6 Bxc5+ 44. Kxc5 Kxe6 45. Bc7 Bd1 46. c3 1-0

[Event "Siegener SV 1 - Hellertaler SF 1"]
[Site "NRW-Klasse - Gruppe 4 2021/20"]
[Date "2022.01.23"]
[Round "4.8"]
[White "Jopp, Guenter"]
[Black "Herfel, Manfred"]
[Result "0-1"]
[WhiteElo "1667"]
[BlackElo "1715"]
[PlyCount "78"]
[EventDate "2022.??.??"]
[SourceVersionDate "2020.03.16"]
[WhiteTeam "Siegener SV 1"]
[BlackTeam "Hellertaler SF 1"]

1. e4 d6 2. d4 Nf6 3. Nc3 g6 4. Be2 Bg7 5. Be3 c6 6. Nf3 b5 7. a3 Nbd7 8. O-O
O-O 9. h3 e5 10. d5 cxd5 11. exd5 a6 12. Bg5 h6 13. Bh4 Qc7 14. Qd2 Bb7 15.
Rfd1 Rac8 16. Ne1 Rfe8 17. f3 e4 18. Bf2 Re7 19. fxe4 Nxe4 20. Nxe4 Rxe4 21.
Bf3 Ree8 22. c3 Ne5 23. Be2 Nc4 24. Bxc4 Qxc4 25. Bg3 Bf8 26. Nc2 Re2 27. Qc1
Qe4 28. Ne1 Bxd5 29. Rxd5 Qxd5 30. Nf3 Rce8 31. b4 Qe4 32. Qf1 Qe3+ 33. Bf2
Qxc3 34. Bd4 Qc4 35. Kh2 Bg7 36. Rc1 Qd5 37. Bxg7 Kxg7 38. Rc7 R2e7 39. Qa1+
Kh7 0-1

[Event "SV Bergneustadt/Derschlag 1 - Godesberg"]
[Site "NRW-Klasse - Gruppe 4 2021/20"]
[Date "2022.03.20"]
[Round "4.1"]
[White "Mittmann, Johannes"]
[Black "Stuemer, Paul"]
[Result "1/2-1/2"]
[WhiteElo "2105"]
[BlackElo "1988"]
[PlyCount "176"]
[EventDate "2022.??.??"]
[SourceVersionDate "2020.03.16"]
[WhiteTeam "Godesberger SK 2"]
[BlackTeam "SV Bergneustadt/Derschlag 1"]

1. e4 c5 2. Nf3 Nc6 3. d4 cxd4 4. Nxd4 g6 5. Nc3 Bg7 6. Be3 Nf6 7. Bc4 O-O 8.
Bb3 e6 9. f3 d5 10. exd5 exd5 11. O-O Re8 12. Bf2 Na5 13. Qd3 a6 14. Rfe1 Be6
15. Rad1 Nxb3 16. axb3 Qa5 17. Ra1 Qb4 18. Nce2 Nd7 19. c3 Qd6 20. Qd2 Rad8 21.
Bh4 Bf6 22. Bxf6 Nxf6 23. Qg5 Bc8 24. Ng3 Kh8 25. b4 Re7 26. Kf1 Rde8 27. Qd2
Bd7 28. Rxe7 Rxe7 29. Re1 Rxe1+ 30. Qxe1 Kg7 31. Qe3 h6 32. Kf2 Qc7 33. Qe7 Qf4
34. Nf1 Qh4+ 35. Kg1 Qf4 36. Qe3 Qd6 37. Ng3 Nh7 38. Nge2 h5 39. Nf4 f6 40. h4
Qe5 41. Kf2 Kf7 42. g3 Nf8 43. Nd3 Qd6 44. Qf4 Qxf4 45. Nxf4 Bc6 46. g4 hxg4
47. fxg4 Nd7 48. h5 Ne5 49. hxg6+ Nxg6 50. Nxg6 Kxg6 51. Kg3 Bd7 52. Nf3 Kf7
53. Kf4 Ke6 54. g5 fxg5+ 55. Nxg5+ Kd6 56. Nf7+ Ke7 57. Ne5 Bb5 58. Ke3 Kd6 59.
Kd4 b6 60. Ng4 Be2 61. Ne3 Bf3 62. Nf1 Bg2 63. Nd2 Bh1 64. Ke3 Ke5 65. Nb3 Bg2
66. Nd4 Bh1 67. Nc6+ Kd6 68. Nb8 a5 69. bxa5 bxa5 70. Kd4 Kc7 71. Na6+ Kb6 72.
Nc5 Bf3 73. Nd3 Kb5 74. Nf4 Kc6 75. Nd3 Kb5 76. Ne5 Bg2 77. Ng4 Kc6 78. Ne3 Bf3
79. Nf1 Bg2 80. Nd2 Bh1 81. Ke5 Bg2 82. Nb3 a4 83. Nd4+ Kc5 84. Nf5 Bf3 85. Ne3
Bh1 86. Nc2 Be4 87. Ne3 Bh1 88. Nc2 Be4 1/2-1/2

[Event "SV Bergneustadt/Derschlag 1 - Godesberg"]
[Site "NRW-Klasse - Gruppe 4 2021/20"]
[Date "2022.03.20"]
[Round "4.2"]
[White "Gloeckl, Simon"]
[Black "Koegler, Christof"]
[Result "1/2-1/2"]
[WhiteElo "1815"]
[BlackElo "2031"]
[PlyCount "105"]
[EventDate "2022.??.??"]
[SourceVersionDate "2020.03.16"]
[WhiteTeam "SV Bergneustadt/Derschlag 1"]
[BlackTeam "Godesberger SK 2"]

1. e4 c5 2. Nc3 e6 3. d4 cxd4 4. Qxd4 Nc6 5. Qd2 Nf6 6. a3 d5 7. exd5 exd5 8.
Bd3 Bd6 9. Nge2 O-O 10. O-O Re8 11. Ng3 d4 12. Nce2 Bc7 13. b4 a6 14. Bb2 Bb6
15. Rad1 Bg4 16. Bc4 Qc7 17. h3 Bxe2 18. Bxe2 Qxg3 19. fxg3 d3+ 20. Kh2 dxe2
21. Rxf6 gxf6 22. Bxf6 Be3 23. Qd7 exd1=Q 24. Qxd1 Ne5 25. Qd5 Ng6 26. Qxb7 Ra7
27. Qf3 Bh6 28. h4 Re6 29. h5 Ne5 30. Qf5 Bg7 31. Bxg7 Kxg7 32. g4 h6 33. g5
Rae7 34. gxh6+ Kxh6 35. g4 f6 36. c4 Rc6 37. g5+ fxg5 38. Qf8+ Rg7 39. Qh8+ Rh7
40. Qxe5 Kxh5 41. Kg3 Rf7 42. b5 Rcf6 43. Qe2+ Kh6 44. a4 g4 45. Qe3+ Kh5 46.
Qe5+ Rf5 47. Qh8+ Kg5 48. Qg8+ Kh6 49. Qh8+ Kg5 50. Qd8+ Kg6 51. Qd6+ Kg5 52.
Qd2+ Kh5 53. Qh2+ 1/2-1/2

[Event "SV Bergneustadt/Derschlag 1 - Godesberg"]
[Site "NRW-Klasse - Gruppe 4 2021/20"]
[Date "2022.03.20"]
[Round "4.3"]
[White "Mueller-Boge, Michael"]
[Black "Michalik, Friedhelm"]
[Result "0-1"]
[WhiteElo "1984"]
[BlackElo "2011"]
[PlyCount "82"]
[EventDate "2022.??.??"]
[SourceVersionDate "2020.03.16"]
[WhiteTeam "Godesberger SK 2"]
[BlackTeam "SV Bergneustadt/Derschlag 1"]

1. e4 c5 2. Nf3 g6 3. d4 cxd4 4. Nxd4 Bg7 5. c4 Nc6 6. Be3 Nf6 7. Nc3 d6 8. f3
Bd7 9. Be2 Nxd4 10. Bxd4 Bc6 11. Qd2 a5 12. g4 h6 13. O-O-O Kf8 14. Kb1 a4 15.
Qe3 Nd7 16. Bxg7+ Kxg7 17. f4 Qb6 18. Qxb6 Nxb6 19. Nd5 Bxd5 20. cxd5 g5 21. e5
Rhd8 22. exd6 Rxd6 23. fxg5 hxg5 24. Bf3 Rad8 25. Rhe1 Kf8 26. Re5 f6 27. Rf5
Nc4 28. Rd3 Rb6 29. b3 axb3 30. axb3 Nd6 31. Kb2 Kf7 32. Be2 Nxf5 33. gxf5 Rh8
34. h3 Ke8 35. Re3 Rd6 36. Bc4 Rh4 37. Kc3 Rf4 38. Kb4 Rxd5 39. Ka3 Rdxf5 40.
Rc3 b5 41. Be6 b4+ 0-1

[Event "SV Bergneustadt/Derschlag 1 - Godesberg"]
[Site "NRW-Klasse - Gruppe 4 2021/20"]
[Date "2022.03.20"]
[Round "4.4"]
[White "Wang, Andre"]
[Black "Biedekoepper, Robert"]
[Result "1-0"]
[WhiteElo "1976"]
[BlackElo "1974"]
[PlyCount "91"]
[EventDate "2022.??.??"]
[SourceVersionDate "2020.03.16"]
[WhiteTeam "SV Bergneustadt/Derschlag 1"]
[BlackTeam "Godesberger SK 2"]

1. d4 Nf6 2. Nf3 e6 3. g3 c5 4. Bg2 Nc6 5. O-O d5 6. b3 cxd4 7. Nxd4 Bc5 8. Bb2
Qe7 9. e3 O-O 10. Nd2 Ba3 11. Bxa3 Qxa3 12. Nxc6 bxc6 13. c4 a5 14. Qc1 Qe7 15.
e4 Ba6 16. Re1 Rfc8 17. Qb2 dxe4 18. Nxe4 Nxe4 19. Bxe4 Qc5 20. Rad1 Rd8 21.
Qc2 h6 22. Rxd8+ Rxd8 23. Rd1 Rd6 24. Rxd6 Qxd6 25. Qc3 Qc7 26. c5 Kf8 27. Qf3
Qe5 {(=)} 28. Qd1 Ke7 29. Bxc6 Qxc5 30. Qd7+ Kf6 31. Qd8+ {(=)} Kg6 32. Bf3
Qc1+ 33. Qd1 Qxd1+ 34. Bxd1 Kf5 35. f3 Ke5 36. Kf2 Kd4 37. f4 Kc3 38. Ke3 Bd3
39. a3 Bb1 40. b4 axb4 41. axb4 Kxb4 42. Kd4 Kb5 43. Ke5 Kc5 44. Bh5 g6 45. Bd1
h5 46. Ba4 1-0

[Event "SV Bergneustadt/Derschlag 1 - Godesberg"]
[Site "NRW-Klasse - Gruppe 4 2021/20"]
[Date "2022.03.20"]
[Round "4.5"]
[White "Selalmazidis, Arsenis"]
[Black "Linnenborn, Guido"]
[Result "1-0"]
[WhiteElo "1898"]
[BlackElo "1880"]
[PlyCount "83"]
[EventDate "2022.??.??"]
[SourceVersionDate "2020.03.16"]
[WhiteTeam "Godesberger SK 2"]
[BlackTeam "SV Bergneustadt/Derschlag 1"]

1. d4 Nf6 2. c4 g6 3. Nc3 Bg7 4. e4 d6 5. Nf3 O-O 6. Be2 e5 7. O-O Nc6 8. d5
Ne7 9. Ne1 Nd7 10. Be3 f5 11. f3 f4 12. Bf2 g5 13. g4 fxg3 14. hxg3 Nf6 15. c5
Ng6 16. Be3 Nh5 17. Kg2 Ngf4+ 18. Kh2 Rf6 19. Nd3 Rh6 20. Rh1 Nxd3 21. Bxd3
Nf4+ 22. Kg1 Qf6 23. Rxh6 Qxh6 24. gxf4 exf4 25. Bf2 Bh3 26. cxd6 cxd6 27. Bf1
Re8 28. Bd4 Bxd4+ 29. Qxd4 g4 30. fxg4 Re5 31. Qd3 Bxg4 32. Bg2 Rg5 33. Rf1 Bh3
34. Rf2 Rg3 35. Qd2 Qg5 36. Kf1 Qh5 37. Qxf4 Bxg2+ 38. Ke1 Qh1+ 39. Kd2 Rf3 40.
Qg4+ Kh8 41. Rxg2 Qh6+ 42. Kc2 1-0

[Event "SV Bergneustadt/Derschlag 1 - Godesberg"]
[Site "NRW-Klasse - Gruppe 4 2021/20"]
[Date "2022.03.20"]
[Round "4.6"]
[White "Sailer, Hans-Peter"]
[Black "Otto, Wolfgang"]
[Result "1/2-1/2"]
[WhiteElo "1810"]
[BlackElo "1905"]
[PlyCount "80"]
[EventDate "2022.??.??"]
[SourceVersionDate "2020.03.16"]
[WhiteTeam "SV Bergneustadt/Derschlag 1"]
[BlackTeam "Godesberger SK 2"]

1. e4 e6 2. d4 d5 3. Nd2 h6 4. Ngf3 Nf6 5. Bd3 c5 6. c3 Nc6 7. O-O cxd4 8. cxd4
Be7 9. e5 Nd7 10. Nb3 a5 11. a4 Qb6 12. Be3 g5 13. h3 h5 14. g4 hxg4 15. hxg4
f6 16. Bb5 Qc7 17. Kg2 fxe5 18. dxe5 Rg8 19. Bd4 Kf8 20. Rc1 Ndb8 21. Rh1 Qd8
22. Rh7 Qe8 23. Qh1 Qg6 24. Qh6+ Qxh6 25. Rxh6 Kf7 26. Rch1 Nxd4 27. Nbxd4 Na6
28. Rh8 Rxh8 29. Rxh8 Kg7 30. Rh5 Nc5 31. Nxg5 Bd8 32. f4 Kg6 33. Be8+ Kg7 34.
b3 Ra6 35. Bb5 Rb6 36. Rh7+ Kg8 37. Rh3 Bxg5 38. fxg5 Bd7 39. Rf3 Bxb5 40. Nxb5
Kg7 1/2-1/2

[Event "SV Bergneustadt/Derschlag 1 - Godesberg"]
[Site "NRW-Klasse - Gruppe 4 2021/20"]
[Date "2022.03.20"]
[Round "4.7"]
[White "Mueller, Dominik"]
[Black "Schinkowski, Thomas"]
[Result "1-0"]
[WhiteElo "1853"]
[BlackElo "1670"]
[PlyCount "65"]
[EventDate "2022.??.??"]
[SourceVersionDate "2020.03.16"]
[WhiteTeam "Godesberger SK 2"]
[BlackTeam "SV Bergneustadt/Derschlag 1"]

1. Nf3 d6 2. d4 Nd7 3. e4 e5 4. c4 Ngf6 5. Nc3 Be7 6. h3 c6 7. Be2 Qc7 8. Be3
h6 9. Rc1 a6 10. O-O g5 11. Nd2 Nf8 12. b4 Ng6 13. c5 Nf4 14. cxd6 Bxd6 15. d5
Bxb4 16. dxc6 bxc6 17. Bc4 Be6 18. Bxf4 Bxc4 19. Bxe5 Qxe5 20. Nxc4 Qe6 21. e5
Nd5 22. Ne4 O-O 23. a3 Be7 24. Re1 Rab8 25. Qf3 Rb5 26. Ncd6 Rb2 27. Rxc6 Qxe5
28. Nc4 Qb8 29. Nxb2 Qxb2 30. Rxh6 Bxa3 31. Qf5 Qg7 32. Rh5 Ne7 33. Nf6+ 1-0

[Event "Hellertaler SF 1 - SC Bonn Beuel 1"]
[Site "NRW-Klasse - Gruppe 4 2021/20"]
[Date "2022.06.12"]
[Round "5.1"]
[White "Haag, Martin"]
[Black "Rahimi, Rahim"]
[Result "1-0"]
[WhiteElo "2214"]
[BlackElo "2080"]
[PlyCount "87"]
[EventDate "2022.??.??"]
[SourceVersionDate "2020.03.16"]
[WhiteTeam "SC Bonn Beuel 1"]
[BlackTeam "Hellertaler SF 1"]

1. c4 e5 2. Nc3 Bc5 3. Nf3 d6 4. e3 a6 5. Be2 Ba7 6. d4 f6 7. b4 Ne7 8. O-O Bf5
9. Bb2 Nd7 10. Rc1 O-O 11. Qb3 Kh8 12. Rfd1 Qe8 13. c5 Bg6 14. dxe5 dxe5 15.
Nd5 Bf7 16. Bc4 Rc8 17. Nxe7 Qxe7 18. Bxf7 Rxf7 19. Rd2 c6 20. Nh4 g6 21. Rcd1
Nf8 22. Nf3 b6 23. cxb6 Bxb6 24. Qc4 Qa7 25. h4 Kg7 26. Rd6 c5 27. a4 Qb7 28.
b5 axb5 29. axb5 Rd7 30. Nxe5 Rxd6 31. Rxd6 Rd8 32. Rxd8 Bxd8 33. Nd3 Be7 34.
Nxc5 Qc8 35. Bd4 Qf5 36. Qc1 Qg4 37. Qa1 Qxh4 38. Qa7 Kf7 39. b6 Qg4 40. g3
Qd1+ 41. Kg2 Qb1 42. b7 Bxc5 43. Bxc5 Nd7 44. b8=Q 1-0

[Event "Hellertaler SF 1 - SC Bonn Beuel 1"]
[Site "NRW-Klasse - Gruppe 4 2021/20"]
[Date "2022.06.12"]
[Round "5.2"]
[White "Mueller, Sven"]
[Black "Hoppe, Thilo"]
[Result "1/2-1/2"]
[WhiteElo "1968"]
[BlackElo "2136"]
[PlyCount "59"]
[EventDate "2022.??.??"]
[SourceVersionDate "2020.03.16"]
[WhiteTeam "Hellertaler SF 1"]
[BlackTeam "SC Bonn Beuel 1"]

1. e4 e6 2. d4 d5 3. Nc3 Bb4 4. e5 c5 5. a3 Bxc3+ 6. bxc3 Ne7 7. h4 h6 8. h5 b6
9. Qg4 Kf8 10. a4 Ba6 11. Bb5 Qc7 12. Ne2 Kg8 13. Ba3 Bxb5 14. axb5 a6 15. bxa6
Rxa6 16. O-O Kh7 17. f4 Rc8 18. Ng3 Qd7 19. Qe2 Ra4 20. Bb2 cxd4 21. Qd3+ Kg8
22. cxd4 Rcc4 23. c3 Nbc6 24. Rxa4 Rxa4 25. Ra1 Rxa1+ 26. Bxa1 Na5 27. Bb2 Nc4
28. Bc1 Qa4 29. Ne2 Kf8 30. g4 1/2-1/2

[Event "Hellertaler SF 1 - SC Bonn Beuel 1"]
[Site "NRW-Klasse - Gruppe 4 2021/20"]
[Date "2022.06.12"]
[Round "5.3"]
[White "Lorenz, Roger"]
[Black "Petri, Wolfgang"]
[Result "1-0"]
[WhiteElo "2136"]
[BlackElo "1920"]
[PlyCount "55"]
[EventDate "2022.??.??"]
[SourceVersionDate "2020.03.16"]
[WhiteTeam "SC Bonn Beuel 1"]
[BlackTeam "Hellertaler SF 1"]

1. d4 f5 2. g3 Nf6 3. Bg2 e6 4. Nf3 d5 5. O-O Be7 6. c4 c6 7. Nbd2 O-O 8. Ne5
Nbd7 9. Nd3 Ne4 10. Qc2 Ndf6 11. Nf3 dxc4 12. Qxc4 Bd7 13. Bf4 Rc8 14. Rfd1 Nd5
15. Nfe5 Nd6 16. Qb3 b6 17. Rac1 Kh8 18. Nxd7 Qxd7 19. Rc2 Nf7 20. Be5 Bf6 21.
Bxf6 gxf6 22. Rdc1 Nd6 23. Nb4 Nb5 24. e3 f4 25. Nxc6 fxe3 26. Qxb5 exf2+ 27.
Kxf2 a6 28. Qb3 1-0

[Event "Hellertaler SF 1 - SC Bonn Beuel 1"]
[Site "NRW-Klasse - Gruppe 4 2021/20"]
[Date "2022.06.12"]
[Round "5.4"]
[White "Mellmann, Matthias"]
[Black "Gikas, Andreas Basilius"]
[Result "1/2-1/2"]
[WhiteElo "1845"]
[BlackElo "2143"]
[PlyCount "29"]
[EventDate "2022.??.??"]
[SourceVersionDate "2020.03.16"]
[WhiteTeam "Hellertaler SF 1"]
[BlackTeam "SC Bonn Beuel 1"]

1. e4 c5 2. Nc3 e6 3. g3 d5 4. exd5 exd5 5. d4 cxd4 6. Qxd4 Nf6 7. Bg5 Be7 8.
O-O-O Nc6 9. Qa4 Be6 10. Bg2 Qb6 11. Be3 Bc5 12. Bg5 Be7 13. Be3 Bc5 14. Bg5
Be7 15. Be3 1/2-1/2

[Event "Hellertaler SF 1 - SC Bonn Beuel 1"]
[Site "NRW-Klasse - Gruppe 4 2021/20"]
[Date "2022.06.12"]
[Round "5.5"]
[White "Rosskothen, Arnd"]
[Black "Siebel, Holger"]
[Result "1-0"]
[WhiteElo "2078"]
[BlackElo "1772"]
[PlyCount "69"]
[EventDate "2022.??.??"]
[SourceVersionDate "2020.03.16"]
[WhiteTeam "SC Bonn Beuel 1"]
[BlackTeam "Hellertaler SF 1"]

1. d4 d5 2. c4 c6 3. Nf3 Nf6 4. e3 Bg4 5. h3 Bxf3 6. Qxf3 e6 7. Nc3 Nbd7 8. Bd3
Bb4 9. O-O O-O 10. Qd1 Re8 11. Bd2 dxc4 12. Bxc4 Nb6 13. Bb3 Qd7 14. Ne4 Bxd2
15. Nxf6+ gxf6 16. Qxd2 Kh8 17. e4 Rg8 18. Rad1 Rg6 19. f4 Rag8 20. Rf2 Rg3 21.
Kh2 R8g7 22. Rc1 Qd8 23. Rc3 Rxc3 24. Qxc3 Nc8 25. d5 Nd6 26. Re2 Nb5 27. Qd2
e5 28. dxc6 Qxd2 29. Rxd2 bxc6 30. fxe5 fxe5 31. Rd8+ Rg8 32. Rd7 Rf8 33. Bxf7
Rb8 34. Bc4 Nd4 35. b3 1-0

[Event "Hellertaler SF 1 - SC Bonn Beuel 1"]
[Site "NRW-Klasse - Gruppe 4 2021/20"]
[Date "2022.06.12"]
[Round "5.6"]
[White "Hassler, Rolf"]
[Black "Koch, Matthias"]
[Result "1/2-1/2"]
[WhiteElo "1762"]
[BlackElo "1955"]
[PlyCount "120"]
[EventDate "2022.??.??"]
[SourceVersionDate "2020.03.16"]
[WhiteTeam "Hellertaler SF 1"]
[BlackTeam "SC Bonn Beuel 1"]

1. e4 e5 2. Nf3 Nc6 3. Bc4 Nf6 4. Nc3 Nxe4 5. Bxf7+ Kxf7 6. Nxe4 d5 7. Neg5+
Kg8 8. d3 h6 9. Nh3 Bg4 10. Nhg1 e4 11. h3 exf3 12. hxg4 fxg2 13. Rh2 Qe7+ 14.
Qe2 Qf7 15. Kd1 Nd4 16. Qe3 Bc5 17. Qf4 Qxf4 18. Bxf4 Rf8 19. Be3 Nf3 20. Rxg2
d4 21. Nxf3 dxe3 22. d4 exf2 23. Ke2 Be7 24. Rxf2 Rf4 25. Rg2 g5 26. c3 Kg7 27.
Ne5 Bd6 28. Kd3 Bxe5 29. dxe5 Rd8+ 30. Kc2 Re4 31. Rf1 Rxe5 32. Rgf2 Re7 33. a3
Rdd7 34. Rh1 Re4 35. Rg1 Rde7 36. Rf5 Kg6 37. Rf8 Rf4 38. Rg8+ Kh7 39. Rd8 Kg7
40. Rb8 c5 41. Rc8 c4 42. Rd8 b6 43. Rd6 Rf2+ 44. Kc1 Ree2 45. Rd7+ Kf6 46. Rh1
Rc2+ 47. Kd1 Rxb2 48. Rxh6+ Ke5 49. Re7+ Kf4 50. Rf6+ Kxg4 51. Rxf2 Rxf2 52.
Rxa7 Kg3 53. Rc7 Rf4 54. Rc6 Kg2 55. Rxb6 g4 56. Ke2 g3 57. Ke3 Rf3+ 58. Kd4
Rf4+ 59. Ke3 Rf3+ 60. Kd4 Rf4+ 1/2-1/2

[Event "Hellertaler SF 1 - SC Bonn Beuel 1"]
[Site "NRW-Klasse - Gruppe 4 2021/20"]
[Date "2022.06.12"]
[Round "5.7"]
[White "Woeltge, Carsten"]
[Black "Herfel, Manfred"]
[Result "0-1"]
[WhiteElo "1877"]
[BlackElo "1715"]
[Annotator "daniel"]
[PlyCount "23"]
[EventDate "2022.??.??"]
[SourceVersionDate "2020.03.16"]
[WhiteTeam "SC Bonn Beuel 1"]
[BlackTeam "Hellertaler SF 1"]

1. d4 Nf6 2. c4 d6 3. Nc3 g6 4. e4 Bg7 5. f4 O-O 6. Nf3 c5 7. d5 Nbd7 8. Be2
Nb6 9. a4 Bg4 10. a5 Bxf3 11. gxf3 Nbd7 12. O-O {Rest unleserlich und nur ein
Formular!} 0-1

[Event "Hellertaler SF 1 - SC Bonn Beuel 1"]
[Site "NRW-Klasse - Gruppe 4 2021/20"]
[Date "2022.06.12"]
[Round "5.8"]
[White "Rahimi, Rozafa"]
[Black "Goergen, Christian"]
[Result "1/2-1/2"]
[WhiteElo "1703"]
[BlackElo "1991"]
[PlyCount "27"]
[EventDate "2022.??.??"]
[SourceVersionDate "2020.03.16"]
[WhiteTeam "Hellertaler SF 1"]
[BlackTeam "SC Bonn Beuel 1"]

1. d4 Nf6 2. Bf4 c5 3. e3 g6 4. Nf3 Bg7 5. Be2 O-O 6. O-O b6 7. c4 cxd4 8. Nxd4
Bb7 9. Nc3 Nc6 10. Nxc6 Bxc6 11. Bf3 Bxf3 12. Qxf3 Nh5 13. Rac1 Nxf4 14. Qxf4
1/2-1/2

[Event "SV Weidenau/Geisweid 1 - Siegener SV 1"]
[Site "NRW-Klasse - Gruppe 4 2021/20"]
[Date "2022.06.12"]
[Round "5.1"]
[White "Richter, Gerald"]
[Black "Send, Sebastian"]
[Result "1/2-1/2"]
[WhiteElo "1959"]
[BlackElo "2173"]
[PlyCount "83"]
[EventDate "2022.??.??"]
[SourceVersionDate "2020.03.16"]
[WhiteTeam "Siegener SV 1"]
[BlackTeam "SV Weidenau/Geisweid 1"]

1. d4 g6 2. c4 Bg7 3. Nc3 c5 4. Nf3 cxd4 5. Nxd4 Nc6 6. Nxc6 bxc6 7. e4 d6 8.
Be2 Nf6 9. Be3 O-O 10. O-O Qa5 11. h3 Rb8 12. Rb1 Be6 13. Qd2 Rb7 14. Rfd1 Rfb8
15. b3 Nd7 16. Bd4 Ne5 17. Rbc1 c5 18. Be3 Nc6 19. Nb5 Qxd2 20. Rxd2 a6 21. Nc3
Bd4 22. Bxd4 Nxd4 23. Bd1 Bd7 24. Ne2 e5 25. Nxd4 exd4 26. Bc2 Bc6 27. f3 a5
28. a4 Rxb3 29. Bxb3 Rxb3 30. Ra2 Rb4 31. Kf2 Bxa4 32. Ke1 Kg7 33. Kd2 Bb3 34.
Rxa5 Bxc4 35. e5 dxe5 36. Rxc5 Rb2+ 37. Rc2 Rxc2+ 38. Kxc2 Bf1 39. Rxe5 Bxg2
40. Kd3 Bxh3 41. Kxd4 Bf5 42. Ke3 1/2-1/2

[Event "SV Weidenau/Geisweid 1 - Siegener SV 1"]
[Site "NRW-Klasse - Gruppe 4 2021/20"]
[Date "2022.06.12"]
[Round "5.2"]
[White "Scholl, Patrick"]
[Black "Besser, Jochen"]
[Result "1-0"]
[WhiteElo "2013"]
[BlackElo "1897"]
[PlyCount "65"]
[EventDate "2022.??.??"]
[SourceVersionDate "2020.03.16"]
[WhiteTeam "SV Weidenau/Geisweid 1"]
[BlackTeam "Siegener SV 1"]

1. c4 c5 2. g3 g6 3. Bg2 Bg7 4. Nc3 Nc6 5. a3 d6 6. Rb1 a5 7. e3 e5 8. Nge2
Nge7 9. d3 O-O 10. O-O Rb8 11. Bd2 Bf5 12. e4 Be6 13. Nd5 b5 14. cxb5 Rxb5 15.
f4 Qb8 16. Nxe7+ Nxe7 17. Bc3 Nc6 18. f5 Bb3 19. Qd2 f6 20. fxg6 hxg6 21. Bh3
Nd4 22. Rf2 Kh7 23. Rbf1 Bh6 24. Qe1 Be3 25. Nxd4 cxd4 26. Bd2 Bxf2+ 27. Qxf2
Rc5 28. g4 Kg8 29. Qh4 Qd8 30. Qh6 Bf7 31. g5 f5 32. exf5 Qc7 33. fxg6 1-0